000 00959nam a2200265 i 4500
001 bg
100 1 _aSAMECKI, Wiesław
245 1 0 _aWprowadzenie do ekonomiki /
_cWiesław Samecki.
260 _aWrocław :
_bWydawnictwo Uniwersytetu Wrocławskiego,
_c2005.
300 _a587 s. :
_bil. ;
_c24 cm.
490 1 _aPodręczniki Wydziału Prawa, Administracji i Ekonomii Uniwersytetu Wrocławskiego
_x0239-6661 ;
_vno 2722
504 _aBibliogr. s. 572-574. Indeks.
650 9 _aEkonomia
655 _aPodręczniki akademickie
830 _aPodręczniki Wydziału Prawa, Administracji i Ekonomii Uniwersytetu Wrocławskiego
_x0239-6661 ;
015 _aPB 4041/2006
020 _a8322926405
040 _cBPK
041 0 _apol
080 _a330(075.8)
920 _a83-229-2640-5
942 _cKS
008 s pl f |000 0 pol
999 _c51838
_d51838
856 _uhttp://koha.tu.koszalin.pl/cgi-bin/koha/opac-detail.pl?biblionumber=51838
_yKatalog online BPK